000 01366nam0a2200337 4500
001 RU\NLR\BIBL_A\010458181
005 20260408202214.0
010 _a978-5-396-00570-9
021 _aRU
_b2014-47573
_92878
035 _a(NLR Aleph) 010458181
035 _a(NILC)RuMoRGB-007515018
090 _a9961439
_c9961439
100 _a20140904d2014 u y0rusy50 ca
101 0 _arus
102 _aRU
105 _aa|||j|||001yy
200 1 _aРиски и шансы
_eнеопределенность, прогнозирование и оценка
_fА. Г. Мадера
210 _aМосква
_cURSS
_cКрасанд
_d2014
215 _a438 с.
_cил.
_d22
300 _aНа 4-й с. обл. авт.: А. Г. Мадера - акад. Нью-Йорк. акад. наук, преп., проф.
320 _aБиблиогр.: с. 435-438 (104 назв.)
606 _aРиск (экон.)
_xОценка
_92520957
_3RU\NLR\AUTH\661493838
686 1 _aУ5-13
686 1 _aУ010.66
700 1 _7ca
_8rus
_aМадера
_bА. Г.
_cд-р техн. наук, авт. кн. для детей
_f1951-
_gАлександр Георгиевич
_972773
_3RU\NLR\AUTH\7789846
801 0 _aRU
_bРГБ
_c20140703
_gRCR
801 1 _aRU
_bРГБ
_c20140703
_2rusmarc
942 _cBOOK
980 _aNB